000 01702nam a2200373 i 4500
001 000002189
003 DO-SdBNP
005 20250423144108.0
007 ta
008 090701s2008 dr ad 001 0 spa d
020 _a9789993488255
040 _aDO-SdBNP
_bspa
_cBNPHU
_erda
082 4 _a362.1969792
_bP699m
_222
245 0 0 _aPlan Municipal de combate a las ITS-VIH/SIDA 2008-2015 :
_bmunicipio de Bayaguana, provincia de Monte Plata.
264 1 _aSanto Domingo, :
_bAsociación Tú, Mujer,
_c2008.
300 _a91 páginas :
_bilustraciones ;
_c27 cm.
336 _atexto
_btxt
_2rdacontent
337 _asin mediación
_bn
_2rdamedia
338 _avolumen
_bnc
_2rdacarrier
490 _aInformes
505 0 _aPresentación /
_rCristina Altagracia Sánchez Martínez --
_gIntroducción --
_tProceso seguido en la elaboración del Plan Municipal de Combate a las ITS-VIH/SIDA --
_tPlan Municipal de combate a las ITS-VIH/SIDA --
_tMatríz de marco lógico --
_tAnexos.
590 _aInventariado, 2018/ YL
650 4 _aInfecciones por VIH
_96990
650 0 _aSIDA (Enfermedad)
_xPrevención y control
_952709
650 4 _aEnfermedades transmisibles
_xPrevención y control
_96992
650 4 _aPlanificación estratégica
_92433
650 4 _aSalud pública
_xAspectos sociales
_zBayaguana (República Dominicana)
_96993
651 4 _aBayaguana (República Dominicana)
_xPolítica social
_96994
700 1 _aSánchez Martínez, Cristina Altagracia,
_epresentación
_96995
710 2 _aAsociación Tú, Mujer
_96996
710 2 _aConsejo Municipal de Combate a las ITS-VIH/SIDA (Puerto Plata, República Dominicana)
_96997
910 _aValidado. Control de calidad EMS
942 _2ddc
_cLBS1
999 _c2037
_d2037